[Event "I Festival delle Marche A"]
[Site "Civitanova Marche ITA"]
[Date "2012.08.23"]
[Round "3"]
[White "Horvath, Jozsef"]
[Black "De Santis, Alessio"]
[WhiteElo "2536"]
[BlackElo "2344"]
[Result "1-0"]
[PlyCount "75"]
[EventDate "2012.08.21"]

1. c4 Nf6 2. Nc3 b6 3. d4 Bb7 4. f3 c5 5. d5 d6 6. e4 g6 7. Bg5 Bg7 8. Qd2 h6
9. Be3 Nbd7 10. Nh3 a6 11. Nf2 b5 12. cxb5 Qa5 13. a4 h5 14. Ra3 O-O 15. Bh6
Rfc8 16. Bxg7 Kxg7 17. Be2 c4 18. O-O axb5 19. axb5 Qb6 20. Rxa8 Bxa8 21. Ra1
Bb7 22. Ra4 Ne5 23. h3 Nfd7 24. f4 Nc5 25. fxe5 Nxa4 26. Nxa4 Qxb5 27. exd6
exd6 28. Qd4+ Kg8 29. Nb6 Rb8 30. Bxc4 Qb4 31. Nd3 Qd2 32. Kh2 Re8 33. Nd7 Ra8
34. Nf6+ Kf8 35. Qb6 Ra1 36. Qxd6+ Kg7 37. Ne8+ Kh6 38. h4 1-0

[Event "I Festival delle Marche A"]
[Site "Civitanova Marche ITA"]
[Date "2012.08.23"]
[Round "3"]
[White "Juhasz, Kristof"]
[Black "Cantoro, Daniele"]
[WhiteElo "2377"]
[BlackElo "2036"]
[Result "1-0"]
[PlyCount "79"]
[EventDate "2012.08.21"]

1. c4 e5 2. g3 Nf6 3. Bg2 Nc6 4. Nc3 Bc5 5. d3 O-O 6. Nf3 d6 7. O-O a6 8. Bg5
h6 9. Bh4 Nb8 10. Ne4 Nbd7 11. Qc1 Qe7 12. Bh3 g5 13. Bxg5 hxg5 14. Qxg5+ Kh8
15. Bxd7 Ng8 16. Qxe7 Nxe7 17. Bxc8 Raxc8 18. Nxc5 dxc5 19. Nxe5 Rcd8 20. f4 f6
21. Nf3 Nf5 22. Kf2 Kg7 23. g4 Nh6 24. h3 Nf7 25. Rad1 b5 26. Rc1 b4 27. Rcd1
Rh8 28. Rh1 Nd6 29. e4 Rdf8 30. h4 a5 31. h5 Nf7 32. Nh4 Re8 33. Nf5+ Kf8 34.
Kf3 Nd8 35. g5 fxg5 36. fxg5 Ne6 37. g6 Ng5+ 38. Kg4 Ne6 39. Rdf1 Kg8 40. h6
1-0

[Event "I Festival delle Marche A"]
[Site "Civitanova Marche ITA"]
[Date "2012.08.23"]
[Round "3"]
[White "Laketic, Gojko"]
[Black "Barlocco, Carlo"]
[WhiteElo "2438"]
[BlackElo "2076"]
[Result "1-0"]
[PlyCount "97"]
[EventDate "2012.08.21"]

1. d4 d5 2. c4 e6 3. Nc3 a6 4. cxd5 exd5 5. Bf4 c6 6. e3 Bd6 7. Bxd6 Qxd6 8.
Bd3 Nf6 9. Qc2 O-O 10. Nge2 Re8 11. h3 Nbd7 12. O-O Nf8 13. Ng3 g6 14. Na4 Ne6
15. Rae1 Ng7 16. Qc5 Qxc5 17. Nxc5 b6 18. Na4 Nd7 19. Rc1 Bb7 20. Rfd1 f5 21.
Rc3 b5 22. Nc5 Nxc5 23. Rxc5 Ne6 24. Rc2 f4 25. Nf1 fxe3 26. fxe3 Ng5 27. Rdc1
Re6 28. Re2 Rae8 29. Rce1 a5 30. Nd2 a4 31. a3 Kf8 32. Nb1 Ke7 33. h4 Ne4 34.
Bxe4 Rxe4 35. g3 Kd6 36. Nc3 R4e7 37. e4 dxe4 38. Nxe4+ Kc7 39. Nf6 Rxe2 40.
Nxe8+ Rxe8 41. Rxe8 Bc8 42. Re7+ Kd6 43. Rxh7 Kd5 44. Rh6 Bf5 45. h5 Kc4 46.
hxg6 Be4 47. g7 Bd5 48. Rxc6+ Kb3 49. Rc5 1-0

[Event "I Festival delle Marche A"]
[Site "Civitanova Marche ITA"]
[Date "2012.08.23"]
[Round "3"]
[White "Lazic, Miroljub"]
[Black "Moroni, Luca jr"]
[WhiteElo "2464"]
[BlackElo "2116"]
[Result "1-0"]
[PlyCount "57"]
[EventDate "2012.08.21"]

1. e4 c5 2. Nc3 d6 3. g3 Nc6 4. Bg2 g6 5. d3 Bg7 6. Be3 e6 7. Qd2 Nd4 8. Nd1
Ne7 9. c3 Ndc6 10. Bh6 Bxh6 11. Qxh6 Ng8 12. Qd2 e5 13. Ne3 Be6 14. Ne2 Nf6 15.
f4 exf4 16. Nxf4 Ne5 17. O-O O-O 18. h3 h5 19. Rf2 Rb8 20. b3 Nc6 21. Raf1 Kg7
22. d4 Ne7 23. d5 Bc8 24. c4 Nd7 25. Qc3+ Kg8 26. g4 h4 27. Nd3 f6 28. g5 fxg5
29. Ng4 1-0

[Event "I Festival delle Marche A"]
[Site "Civitanova Marche ITA"]
[Date "2012.08.23"]
[Round "3"]
[White "Martinez, Rolly"]
[Black "Sanchez, Joseph"]
[WhiteElo "2426"]
[BlackElo "2518"]
[Result "1/2-1/2"]
[PlyCount "40"]
[EventDate "2012.08.21"]

1. c4 e5 2. g3 Nf6 3. Bg2 d5 4. cxd5 Nxd5 5. Nc3 Nb6 6. Nf3 Nc6 7. O-O Be7 8.
d3 Be6 9. Be3 O-O 10. Rc1 f6 11. a3 Qd7 12. Re1 Rad8 13. Na4 Rfe8 14. Nc5 Bxc5
15. Rxc5 Nd4 16. Bxd4 exd4 17. Qc2 c6 18. b4 Qf7 19. b5 Bd5 20. bxc6 Bxc6
1/2-1/2

[Event "I Festival delle Marche A"]
[Site "Civitanova Marche ITA"]
[Date "2012.08.23"]
[Round "3"]
[White "Pepe, Mario"]
[Black "Bentivegna, Francesco"]
[WhiteElo "2017"]
[BlackElo "2317"]
[Result "0-1"]
[PlyCount "130"]
[EventDate "2012.08.21"]

1. e4 d5 2. exd5 Qxd5 3. Nc3 Qa5 4. d4 Nf6 5. Nf3 Bf5 6. Bd3 Bxd3 7. Qxd3 Nc6
8. Be3 O-O-O 9. O-O e6 10. Qb5 Qxb5 11. Nxb5 a6 12. Nc3 Bb4 13. Ne2 h6 14. Nf4
Be7 15. h3 Ne4 16. c3 g5 17. Nh5 Nd6 18. b3 Rhg8 19. Ne5 Nxe5 20. dxe5 Nf5 21.
Rae1 g4 22. hxg4 Rxg4 23. g3 Rdg8 24. Kh2 Rd8 25. Kh3 Rgg8 26. g4 Ng7 27. Ng3
Rd3 28. c4 Rgd8 29. Ne4 h5 30. gxh5 Nxh5 31. Kg4 Ng7 32. Rh1 Nf5 33. Kf4 Nh4
34. Rh2 Ng6+ 35. Kf3 Nxe5+ 36. Ke2 Ng4 37. Rh7 Nxe3 38. fxe3 f5 39. Rxe7 fxe4
40. Rxe6 Rd2+ 41. Kf1 Rxa2 42. Rxe4 Rb2 43. Rf4 Rxb3 44. e4 Re8 45. e5 Rb6 46.
Kf2 Rbe6 47. Rf5 Kd7 48. Kf3 a5 49. Kf4 Kc6 50. Rb1 b6 51. Rf6 Kc5 52. Rxe6
Rxe6 53. Kf5 Re8 54. e6 Kxc4 55. Rc1+ Kb3 56. Rxc7 b5 57. e7 a4 58. Ke6 a3 59.
Rc5 b4 60. Rf5 a2 61. Rf1 Kb2 62. Rf2+ Ka3 63. Rf1 b3 64. Kd7 Rxe7+ 65. Kxe7 b2
0-1

[Event "I Festival delle Marche A"]
[Site "Civitanova Marche ITA"]
[Date "2012.08.23"]
[Round "3"]
[White "Petkov, Vladimir"]
[Black "Rinaudo, Sergio"]
[WhiteElo "2511"]
[BlackElo "2104"]
[Result "1-0"]
[PlyCount "39"]
[EventDate "2012.08.21"]

1. Nf3 d5 2. c4 e6 3. g3 Nf6 4. Bg2 Be7 5. O-O O-O 6. d4 dxc4 7. Qc2 Nc6 8.
Qxc4 Qd5 9. Qxd5 exd5 10. Bf4 Bd8 11. Nc3 Be6 12. Rac1 Nh5 13. Be3 Be7 14. Na4
Rac8 15. Nd2 Nd8 16. Nb3 c6 17. Nac5 b6 18. Nd3 Nb7 19. Rc3 Bb4 20. Nxb4 1-0

[Event "I Festival delle Marche A"]
[Site "Civitanova Marche ITA"]
[Date "2012.08.23"]
[Round "3"]
[White "Xia, Jie"]
[Black "Stella, Andrea"]
[WhiteElo "2254"]
[BlackElo "2441"]
[Result "1/2-1/2"]
[PlyCount "28"]
[EventDate "2012.08.21"]

1. c4 e5 2. Nc3 Nf6 3. g3 d5 4. cxd5 Nxd5 5. Bg2 Nb6 6. Nf3 Nc6 7. O-O Be7 8.
a3 Be6 9. b4 O-O 10. d3 a5 11. b5 Nd4 12. Nd2 a4 13. Bxb7 Ra5 14. Bb2 Nxb5
1/2-1/2

[Event "I Festival delle Marche A"]
[Site "Civitanova Marche ITA"]
[Date "2012.08.24"]
[Round "4"]
[White "Bentivegna, Francesco"]
[Black "Petkov, Vladimir"]
[WhiteElo "2317"]
[BlackElo "2511"]
[Result "0-1"]
[PlyCount "84"]
[EventDate "2012.08.21"]

1. e4 e5 2. Nf3 Nc6 3. Bc4 Nf6 4. Ng5 d5 5. exd5 Na5 6. Bb5+ c6 7. dxc6 bxc6 8.
Bd3 Be7 9. Nc3 O-O 10. O-O Nb7 11. Re1 Nc5 12. Bc4 Bg4 13. Be2 Bxe2 14. Qxe2 h6
15. Nge4 Nfxe4 16. Nxe4 Ne6 17. d3 f5 18. Nd2 Bf6 19. Nc4 Qc7 20. c3 Rae8 21.
Nxe5 Bxe5 22. Qxe5 Nd4 23. cxd4 Rxe5 24. dxe5 Qa5 25. Re2 Qb5 26. Bf4 g5 27.
Bd2 Qxb2 28. Rae1 Qd4 29. e6 Re8 30. Be3 Qxd3 31. Bxa7 f4 32. f3 Qa3 33. Bf2 c5
34. h4 gxh4 35. Re4 h3 36. e7 Qxa2 37. Rxf4 h2+ 38. Kxh2 Qxf2 39. Rg4+ Kh7 40.
Re5 Qd2 41. Rge4 c4 42. Rxc4 Rg8 0-1

[Event "I Festival delle Marche A"]
[Site "Civitanova Marche ITA"]
[Date "2012.08.24"]
[Round "4"]
[White "Borgiani, Flavio"]
[Black "Xia, Jie"]
[WhiteElo "2139"]
[BlackElo "2254"]
[Result "0-1"]
[PlyCount "84"]
[EventDate "2012.08.21"]

1. d4 Nf6 2. Nf3 g6 3. c4 Bg7 4. g3 O-O 5. Bg2 c5 6. d5 d6 7. Nc3 Na6 8. O-O
Nc7 9. e4 Bg4 10. h3 Bxf3 11. Bxf3 Qd7 12. g4 Nfe8 13. Qe2 Rb8 14. a4 b6 15.
Ra3 a6 16. Rb3 e5 17. Qd3 h6 18. Be2 Nf6 19. f4 exf4 20. Bxf4 Rfe8 21. e5 dxe5
22. Bxh6 e4 23. Qe3 Nfxd5 24. Nxd5 Nxd5 25. Qg5 Bxh6 26. Qxd5 Qc7 27. Qd1 Rbd8
28. Qe1 Bg7 29. a5 bxa5 30. Ra3 Bxb2 31. Rxa5 Qd6 32. Ra2 Be5 33. Kg2 Rb8 34.
Qf2 Re7 35. g5 Rb3 36. Bg4 Rg3+ 37. Kh1 e3 38. Qe2 Rb7 39. Bf3 Rxh3+ 40. Kg1
Rg3+ 41. Kh1 Qd7 42. Bg2 Rxg5 0-1

[Event "I Festival delle Marche A"]
[Site "Civitanova Marche ITA"]
[Date "2012.08.24"]
[Round "4"]
[White "De Santis, Alessio"]
[Black "Movileanu, Daniela"]
[WhiteElo "2344"]
[BlackElo "1993"]
[Result "1-0"]
[PlyCount "53"]
[EventDate "2012.08.21"]

1. d4 g6 2. c4 Bg7 3. e4 d6 4. Nc3 Nd7 5. Nf3 c6 6. Be2 Qc7 7. Be3 Ngf6 8. Nd2
O-O 9. g4 e5 10. d5 h6 11. h4 Nxg4 12. Bxg4 f5 13. exf5 gxf5 14. Bxf5 Rxf5 15.
Nde4 Nf6 16. dxc6 Nxe4 17. Qd5+ Kh8 18. Nxe4 bxc6 19. Qxd6 Qxd6 20. Nxd6 Rf8
21. Nxc8 Rfxc8 22. O-O-O a5 23. Rd6 Kh7 24. Rg1 Rab8 25. Rd7 Rg8 26. h5 Rbd8
27. Rgxg7+ 1-0

[Event "I Festival delle Marche A"]
[Site "Civitanova Marche ITA"]
[Date "2012.08.24"]
[Round "4"]
[White "Di Misa, Salvatore"]
[Black "Teutsch, Alexander"]
[WhiteElo "1983"]
[BlackElo "2095"]
[Result "0-1"]
[PlyCount "66"]
[EventDate "2012.08.21"]

1. e4 e5 2. Nf3 d6 3. d4 exd4 4. Nxd4 Nf6 5. Nc3 Be7 6. Bc4 O-O 7. Bb3 Re8 8.
O-O Nbd7 9. Nf5 Bf8 10. Ng3 Nc5 11. Re1 c6 12. Qd4 Qb6 13. Bg5 Ng4 14. h3 Ne5
15. Be3 a5 16. a4 Qb4 17. f4 Qxd4 18. Bxd4 Nxb3 19. cxb3 Nd3 20. Rf1 Be6 21.
Rf3 Nb4 22. Nce2 d5 23. e5 c5 24. Bf2 d4 25. Nf1 Bd5 26. Rg3 f6 27. Nxd4 cxd4
28. exf6 Kf7 29. Bxd4 gxf6 30. Ne3 Re4 31. Nxd5 Nxd5 32. Bc3 Nxf4 33. Rd3 Nxd3
0-1

[Event "I Festival delle Marche A"]
[Site "Civitanova Marche ITA"]
[Date "2012.08.24"]
[Round "4"]
[White "Martinez, Rolly"]
[Black "Calavalle, Giulio"]
[WhiteElo "2426"]
[BlackElo "2185"]
[Result "1-0"]
[PlyCount "65"]
[EventDate "2012.08.21"]

1. e4 c5 2. Nf3 Nc6 3. Nc3 g6 4. Bb5 Bg7 5. O-O e5 6. a3 Nge7 7. b4 cxb4 8.
axb4 O-O 9. Bc4 d6 10. b5 Na5 11. Ba2 b6 12. Ba3 Bg4 13. h3 Bxf3 14. Qxf3 Qc7
15. Nd5 Nxd5 16. Bxd5 Rac8 17. Bb4 Kh8 18. Qa3 Rfd8 19. Bxa5 bxa5 20. Qxa5 Qc5
21. Bc6 f5 22. Qxa7 Qxc2 23. Qe7 Bf8 24. Qf7 Qxd2 25. Bd5 Bg7 26. Ra7 Qh6 27.
b6 Rc1 28. Ra1 Rxf1+ 29. Kxf1 fxe4 30. Qe7 Rb8 31. Qxd6 Rc8 32. Bc6 Bf8 33. b7
1-0

[Event "I Festival delle Marche A"]
[Site "Civitanova Marche ITA"]
[Date "2012.08.24"]
[Round "4"]
[White "Pascucci, Marco"]
[Black "Bonavoglia, Marco"]
[WhiteElo "2132"]
[BlackElo "1906"]
[Result "1/2-1/2"]
[PlyCount "81"]
[EventDate "2012.08.21"]

1. Nf3 Nc6 2. e3 e5 3. d4 e4 4. Nfd2 Nf6 5. c4 Bb4 6. Nc3 Qe7 7. Nd5 Nxd5 8.
cxd5 Nb8 9. Qb3 O-O 10. a3 Bxd2+ 11. Bxd2 d6 12. Be2 Nd7 13. Rc1 Nb6 14. f3 Bf5
15. O-O Rac8 16. Bb5 exf3 17. gxf3 Bh3 18. Rf2 Qg5+ 19. Kh1 Nxd5 20. Rg1 Qh5
21. e4 Ne7 22. Be2 d5 23. f4 Qh4 24. Be1 dxe4 25. f5 Qh6 26. f6 Be6 27. Qc2 Ng6
28. fxg7 Rfd8 29. Bc4 e3 30. Rf3 Bd5 31. Bxd5 Rxd5 32. Qe4 Rcd8 33. Qxe3 Qxe3
34. Rxe3 Kxg7 35. Rf3 R8d7 36. Rgf1 c6 37. Bc3 Kf8 38. Rh3 h5 39. Rg3 Kg7 40.
Rgf3 Kg8 41. Rf6 1/2-1/2

[Event "I Festival delle Marche A"]
[Site "Civitanova Marche ITA"]
[Date "2012.08.24"]
[Round "4"]
[White "Sanchez, Joseph"]
[Black "Juhasz, Kristof"]
[WhiteElo "2518"]
[BlackElo "2377"]
[Result "1-0"]
[PlyCount "101"]
[EventDate "2012.08.21"]

1. e4 c6 2. d4 d5 3. e5 Bf5 4. h4 h5 5. Bg5 Qb6 6. Bd3 Bxd3 7. Qxd3 Qa6 8. Qd2
e6 9. Nc3 c5 10. Nf3 Nc6 11. a4 Qa5 12. O-O cxd4 13. Nxd4 Nxd4 14. Qxd4 Bc5 15.
Qd3 Ne7 16. Nb5 a6 17. Nd6+ Bxd6 18. exd6 Nf5 19. c4 O-O 20. Rfd1 d4 21. Qe2
Qb6 22. d7 f6 23. Bd2 g6 24. g4 Nxh4 25. gxh5 Qc6 26. f4 Qf3 27. Qxf3 Nxf3+ 28.
Kf2 Nxd2 29. Rxd2 gxh5 30. Rxd4 e5 31. Rg1+ Kf7 32. fxe5 fxe5 33. Rd5 Ke7+ 34.
Ke3 Rad8 35. Rg5 Rf6 36. Rxh5 Re6 37. Rhxe5 Rxd7 38. Rxe6+ Kxe6 39. Rxd7 Kxd7
40. Kd4 Kc6 41. b4 Kd6 42. a5 Kc6 43. Ke4 Kd6 44. Kf5 Kd7 45. Ke5 Ke7 46. Kd5
Kd7 47. c5 Kc7 48. c6 bxc6+ 49. Kc5 Kb7 50. Kd6 c5 51. bxc5 1-0

[Event "I Festival delle Marche A"]
[Site "Civitanova Marche ITA"]
[Date "2012.08.24"]
[Round "4"]
[White "Stella, Andrea"]
[Black "Aleksic, Nenad"]
[WhiteElo "2441"]
[BlackElo "2341"]
[Result "1-0"]
[PlyCount "51"]
[EventDate "2012.08.21"]

1. Nf3 Nf6 2. c4 b6 3. g3 Bb7 4. Bg2 g6 5. O-O Bg7 6. d4 O-O 7. Nc3 Ne4 8. Bd2
c5 9. d5 Nxd2 10. Qxd2 d6 11. Nh4 Nd7 12. f4 a6 13. a4 Qc7 14. e4 Rae8 15. Rad1
e6 16. e5 exd5 17. Nxd5 Qb8 18. Nc3 Bxg2 19. Nxg2 Re6 20. Ne4 dxe5 21. Qxd7
exf4 22. Ng5 Re2 23. Nxf4 Rxb2 24. Nd5 Qe5 25. Ne7+ Kh8 26. Nxg6+ 1-0

[Event "I Festival delle Marche A"]
[Site "Civitanova Marche ITA"]
[Date "2012.08.24"]
[Round "4"]
[White "Valsecchi, Alessio"]
[Black "Laketic, Gojko"]
[WhiteElo "2427"]
[BlackElo "2438"]
[Result "1-0"]
[PlyCount "61"]
[EventDate "2012.08.21"]

1. e4 d6 2. d4 Nf6 3. Nc3 e5 4. Nf3 Nbd7 5. Bc4 Be7 6. O-O O-O 7. Re1 c6 8. a4
a5 9. Ba2 Qb6 10. h3 exd4 11. Qxd4 Qb4 12. Qe3 Ne5 13. Nxe5 dxe5 14. Qg3 Nd7
15. Bh6 Bf6 16. Rad1 Kh8 17. Bc1 Nc5 18. f4 Nxa4 19. fxe5 Be7 20. e6 Nxb2 21.
exf7 Nxd1 22. Rxd1 Bf6 23. Bf4 Bxc3 24. Bd6 Bd4+ 25. Kh1 Qb2 26. Bxf8 Bd7 27.
Ba3 Qxa2 28. f8=Q+ Rxf8 29. Bxf8 Be6 30. e5 g6 31. Qf4 1-0

[Event "I Festival delle Marche A"]
[Site "Civitanova Marche ITA"]
[Date "2012.08.24"]
[Round "4"]
[White "Varvaglione, Antonio"]
[Black "Fico, Massimiliano"]
[WhiteElo "2000"]
[BlackElo "2281"]
[Result "1/2-1/2"]
[PlyCount "103"]
[EventDate "2012.08.21"]

1. e4 Nc6 2. Nf3 Nf6 3. d3 d5 4. Nbd2 Bg4 5. Be2 e6 6. O-O Bc5 7. c3 O-O 8. b4
Bb6 9. Bb2 d4 10. b5 Bxf3 11. Nxf3 dxc3 12. Bxc3 Nd4 13. Nxd4 Bxd4 14. Qc2 Rc8
15. Rac1 e5 16. Qa4 Bxc3 17. Rxc3 Ra8 18. Rfc1 Ne8 19. Rc5 f6 20. Rd5 Qe7 21.
Qc4 Kh8 22. Qc5 Rf7 23. Qxe7 Rxe7 24. d4 exd4 25. Rxd4 Nd6 26. f3 f5 27. e5
Rxe5 28. Rxc7 Ne8 29. Rf7 Nf6 30. Bc4 b6 31. Kf2 h6 32. Bd3 Rc5 33. Re7 Kg8 34.
Ra4 Nd5 35. Raxa7 Rxa7 36. Rxa7 Nb4 37. Be2 Rc2 38. Ke1 Kf8 39. a3 Nd5 40. Bd3
Rxg2 41. Bxf5 Rxh2 42. Be6 Nc3 43. Bc4 Rh4 44. Bd3 Rd4 45. Bf1 h5 46. Ra6 Nd5
47. a4 g5 48. a5 bxa5 49. b6 Rb4 50. Rxa5 Nxb6 51. Rxg5 h4 52. Rg4 1/2-1/2

[Event "I Festival delle Marche A"]
[Site "Civitanova Marche ITA"]
[Date "2012.08.24"]
[Round "4"]
[White "Volkov, Sergey"]
[Black "Horvath, Jozsef"]
[WhiteElo "2589"]
[BlackElo "2536"]
[Result "1/2-1/2"]
[PlyCount "40"]
[EventDate "2012.08.21"]

1. d4 Nf6 2. c4 g6 3. Nc3 Bg7 4. e4 d6 5. Be2 O-O 6. Nf3 e5 7. Be3 exd4 8. Nxd4
Re8 9. f3 c6 10. Bf2 d5 11. exd5 cxd5 12. O-O Nc6 13. c5 Bf8 14. Bb5 Bd7 15.
Nb3 Ne5 16. Bxd7 Qxd7 17. Bh4 d4 18. Bxf6 dxc3 19. Qxd7 Nxd7 20. Bxc3 Nxc5
1/2-1/2

[Event "I Festival delle Marche A"]
[Site "Civitanova Marche ITA"]
[Date "2012.08.25"]
[Round "5"]
[White "Aleksic, Nenad"]
[Black "Barlocco, Carlo"]
[WhiteElo "2341"]
[BlackElo "2076"]
[Result "1/2-1/2"]
[PlyCount "47"]
[EventDate "2012.08.21"]

1. e4 Nc6 2. Nf3 Nf6 3. d3 e5 4. c3 d5 5. Nbd2 Be7 6. Be2 O-O 7. O-O a5 8. b3
b6 9. Bb2 Bb7 10. a3 Re8 11. Re1 Bd6 12. Bf1 Nb8 13. Qc2 Nbd7 14. g3 c5 15.
exd5 Nxd5 16. Bg2 Qc7 17. Re2 Ne7 18. Rae1 Red8 19. Nc4 Nc6 20. a4 Rab8 21. Ba3
Ba6 22. Re3 Bf8 23. Bb2 g6 24. h4 1/2-1/2

[Event "I Festival delle Marche A"]
[Site "Civitanova Marche ITA"]
[Date "2012.08.25"]
[Round "5"]
[White "De Santis, Alessio"]
[Black "Piro, Valerio"]
[WhiteElo "2344"]
[BlackElo "2013"]
[Result "1-0"]
[PlyCount "121"]
[EventDate "2012.08.21"]

1. Nf3 d5 2. c4 c6 3. e3 Nf6 4. Nc3 Bg4 5. Qb3 Bc8 6. d4 e6 7. Bd3 Nbd7 8. O-O
Bd6 9. e4 dxe4 10. Nxe4 Nxe4 11. Bxe4 O-O 12. Bg5 Be7 13. Bxe7 Qxe7 14. Rfe1
Nf6 15. Bc2 b6 16. Rad1 Bb7 17. d5 cxd5 18. cxd5 Bxd5 19. Rxd5 Nxd5 20. Qxd5
exd5 21. Rxe7 Rfe8 22. Rxe8+ Rxe8 23. Kf1 Rc8 24. Ne1 Kf8 25. Ke2 Ke7 26. Kd2
Kd6 27. Nd3 h6 28. Bb3 a5 29. g3 b5 30. Bd1 b4 31. Bf3 f6 32. h4 g5 33. h5 Rb8
34. Bd1 Rf8 35. Bc2 f5 36. Ne1 f4 37. g4 Re8 38. Nf3 Kc5 39. Bg6 Re6 40. Bc2
Re8 41. Ba4 Re7 42. Kd3 Re4 43. Bb3 Re6 44. Bc2 Re4 45. Bd1 Re6 46. b3 Re4 47.
Bc2 Re6 48. Kd2 Rf6 49. Bf5 Rf8 50. Bg6 Ra8 51. Ne5 Kd6 52. Nf7+ Ke7 53. Nxh6
Kf6 54. Bc2 Rc8 55. Nf5 Rc3 56. Bd3 a4 57. Nd4 Kg7 58. Nb5 axb3 59. Nxc3 bxc3+
60. Kxc3 bxa2 61. Kb2 1-0

[Event "I Festival delle Marche A"]
[Site "Civitanova Marche ITA"]
[Date "2012.08.25"]
[Round "5"]
[White "Fico, Massimiliano"]
[Black "Guglielmi, Dante"]
[WhiteElo "2281"]
[BlackElo "1905"]
[Result "1/2-1/2"]
[PlyCount "46"]
[EventDate "2012.08.21"]

1. e4 c5 2. c3 d5 3. exd5 Qxd5 4. d4 e6 5. Nf3 Nf6 6. Na3 Nc6 7. Nb5 Qd8 8.
dxc5 Bxc5 9. Qxd8+ Kxd8 10. Bf4 Nd5 11. O-O-O Ke7 12. Bg3 a6 13. c4 Nf6 14. Nc3
Rd8 15. Rxd8 Kxd8 16. Na4 Ba7 17. Ng5 Ke7 18. Bd3 h6 19. Ne4 Nxe4 20. Bxe4 Bd7
21. Nc3 Bb8 22. Bxb8 Rxb8 23. f4 Na5 1/2-1/2

[Event "I Festival delle Marche A"]
[Site "Civitanova Marche ITA"]
[Date "2012.08.25"]
[Round "5"]
[White "Horvath, Jozsef"]
[Black "Stella, Andrea"]
[WhiteElo "2536"]
[BlackElo "2441"]
[Result "1/2-1/2"]
[PlyCount "41"]
[EventDate "2012.08.21"]

1. c4 Nf6 2. Nc3 c5 3. Nf3 e6 4. e3 d5 5. d4 a6 6. cxd5 exd5 7. Be2 Nc6 8. O-O
Bd6 9. dxc5 Bxc5 10. b3 O-O 11. Bb2 Ba7 12. Rc1 Qd6 13. Qc2 Rd8 14. Rfd1 Qe7
15. h3 Be6 16. Qb1 Rac8 17. Bd3 d4 18. exd4 Nxd4 19. Ng5 h6 20. Nxe6 Qxe6 21.
Kh1 1/2-1/2

[Event "I Festival delle Marche A"]
[Site "Civitanova Marche ITA"]
[Date "2012.08.25"]
[Round "5"]
[White "Juhasz, Kristof"]
[Black "Garofalo, Simone"]
[WhiteElo "2377"]
[BlackElo "2017"]
[Result "1/2-1/2"]
[PlyCount "154"]
[EventDate "2012.08.21"]

1. d4 Nf6 2. c4 g6 3. Nc3 Bg7 4. e4 d6 5. Be2 O-O 6. Bg5 c5 7. d5 h6 8. Bf4 b5
9. cxb5 a6 10. a4 Qa5 11. Bd2 axb5 12. Nxb5 Qb6 13. Qc2 Na6 14. Nf3 Bd7 15. O-O
Rfb8 16. Bc3 Nb4 17. Qb1 Ne8 18. Bxg7 Kxg7 19. b3 Bg4 20. Qb2+ Kh7 21. h3 Bxf3
22. Bxf3 Nc7 23. Be2 Nxb5 24. axb5 Rxa1 25. Rxa1 f6 26. Bc4 Rb7 27. f4 Ra7 28.
e5 fxe5 29. fxe5 Nd3 30. Qc3 Nxe5 31. Kh2 Qb8 32. Ra6 Rb7 33. Kg1 Qf8 34. Qe3
Kg7 35. Qf2 Qxf2+ 36. Kxf2 Kf6 37. Ke3 Nd7 38. Ke4 Kf7 39. g3 Nf6+ 40. Kf4 Nd7
41. h4 Kf6 42. Bf1 Kg7 43. g4 Nf6 44. Bc4 Nd7 45. g5 h5 46. Bf1 Nb6 47. Ke4 Nd7
48. Bh3 Nb6 49. Be6 Kf8 50. Ra1 Kg7 51. Rf1 c4 52. bxc4 Nxc4 53. Kd4 Na3 54.
Ke3 Nc4+ 55. Kd4 Na3 56. b6 Rxb6 57. Rf7+ Kh8 58. Rf8+ Kg7 59. Rf7+ Kh8 60.
Rxe7 Rb4+ 61. Kc3 Rxh4 62. Re8+ Kg7 63. Rg8+ Kh7 64. Rb8 Rf4 65. Rb7+ Kh8 66.
Rb8+ Kg7 67. Rb7+ Kh8 68. Kd3 Nc4 69. Rb8+ Kg7 70. Rb7+ Kh8 71. Rb8+ Kg7 72.
Rg8+ Kh7 73. Rd8 h4 74. Rd7+ Kh8 75. Rd8+ Kh7 76. Rd7+ Kh8 77. Rd8+ Kh7 1/2-1/2

[Event "I Festival delle Marche A"]
[Site "Civitanova Marche ITA"]
[Date "2012.08.25"]
[Round "5"]
[White "Laketic, Gojko"]
[Black "Rinaudo, Sergio"]
[WhiteElo "2438"]
[BlackElo "2104"]
[Result "1-0"]
[PlyCount "77"]
[EventDate "2012.08.21"]

1. d4 d5 2. c4 dxc4 3. Nf3 Nf6 4. e3 e6 5. Bxc4 c5 6. O-O a6 7. a4 Nc6 8. Qe2
Be7 9. Rd1 cxd4 10. exd4 O-O 11. Nc3 Nd5 12. Qe4 Nf6 13. Qe2 Nd5 14. h3 Na5 15.
Bd3 Bd7 16. Ne5 Rc8 17. Nxd5 exd5 18. Qh5 g6 19. Qf3 Be6 20. Bh6 Re8 21. Rac1
Rxc1 22. Rxc1 Nb3 23. Bxg6 hxg6 24. Qxb3 Qa5 25. Qxb7 Qxa4 26. Be3 Bd6 27. Qb6
Bxe5 28. dxe5 Qb5 29. Qd4 Rb8 30. Qh4 Qb4 31. Qf6 Qf8 32. Rc2 Qg7 33. Qf4 a5
34. Qg5 Bf5 35. Rd2 Be6 36. Bc5 Kh7 37. Rd4 Kg8 38. Be7 Rb7 39. Bf6 1-0

[Event "I Festival delle Marche A"]
[Site "Civitanova Marche ITA"]
[Date "2012.08.25"]
[Round "5"]
[White "Lazic, Miroljub"]
[Black "Bentivegna, Francesco"]
[WhiteElo "2464"]
[BlackElo "2317"]
[Result "1-0"]
[PlyCount "81"]
[EventDate "2012.08.21"]

1. e4 e6 2. d3 d5 3. Nd2 Nf6 4. Ngf3 c5 5. g3 g6 6. Bg2 Bg7 7. O-O O-O 8. Re1
Nc6 9. Qe2 a5 10. Nf1 a4 11. a3 e5 12. Bg5 d4 13. c3 h6 14. Bd2 Be6 15. Rec1
Nd7 16. Ne1 c4 17. dxc4 Nc5 18. Rab1 d3 19. Qf3 Bxc4 20. Be3 Ne6 21. Rd1 f5 22.
exf5 gxf5 23. Nd2 e4 24. Qh5 Ne5 25. Nxc4 Nxc4 26. Bxh6 Ra5 27. Bf1 Qf6 28.
Bxg7 Kxg7 29. Nxd3 Rh8 30. Nf4 Ne5 31. Nxe6+ Qxe6 32. Qg5+ Kf7 33. Be2 Qf6 34.
Qxf6+ Kxf6 35. Rd6+ Ke7 36. Rbd1 f4 37. R6d4 f3 38. Bf1 e3 39. fxe3 Rf8 40. Kf2
Raa8 41. Re4 1-0

[Event "I Festival delle Marche A"]
[Site "Civitanova Marche ITA"]
[Date "2012.08.25"]
[Round "5"]
[White "Petkov, Vladimir"]
[Black "Sanchez, Joseph"]
[WhiteElo "2511"]
[BlackElo "2518"]
[Result "1/2-1/2"]
[PlyCount "158"]
[EventDate "2012.08.21"]

1. d4 Nf6 2. c4 g6 3. Nc3 d5 4. cxd5 Nxd5 5. e4 Nxc3 6. bxc3 Bg7 7. Bg5 c5 8.
Rc1 O-O 9. d5 Qa5 10. Qd2 e6 11. c4 Qa3 12. Nf3 exd5 13. cxd5 Re8 14. Bd3 b5
15. Bxb5 Rxe4+ 16. Be3 Ba6 17. Bxa6 Qxa6 18. Qe2 Qa5+ 19. Nd2 Nd7 20. O-O Ra4
21. Nb3 Rxa2 22. Qd1 Qa4 23. Nxc5 Nxc5 24. Rxc5 Bf8 25. Rc7 Rd8 26. Qf3 Rd7 27.
Rc8 Ra1 28. Bc1 Qa6 29. Qc3 Rxc1 30. Rxc1 Rxd5 31. Re1 Qd6 32. g3 Rc5 33. Rxc5
Qxc5 34. Qa1 a5 35. Re8 Qc6 36. Rb8 Qd6 37. Ra8 h5 38. Qxa5 h4 39. Qd8 Qxd8 40.
Rxd8 hxg3 41. hxg3 Kg7 42. Kg2 f5 43. Kf3 Bc5 44. Rc8 Bd4 45. Rc4 Bb6 46. Ke2
Ba5 47. Rc6 Bb4 48. Kd3 Be1 49. Rc2 Kf6 50. Re2 Ba5 51. Kc4 Kf7 52. Kd5 Bc3 53.
Rc2 Ba1 54. Rc6 Bb2 55. f3 Ba1 56. g4 fxg4 57. fxg4 Bb2 58. g5 Ba1 59. Rc7+ Kf8
60. Ke6 Bb2 61. Ra7 Bc3 62. Rb7 Bd4 63. Rf7+ Kg8 64. Rf6 Kg7 65. Rf3 Kg8 66.
Rb3 Kg7 67. Kd5 Ba1 68. Kc4 Be5 69. Rb5 Ba1 70. Rb1 Be5 71. Kd3 Kf7 72. Kc4 Kg7
73. Rb7+ Kg8 74. Rb5 Ba1 75. Rd5 Kf7 76. Kd3 Kf8 77. Rd7 Bb2 78. Kc2 Be5 79.
Rd5 Ba1 1/2-1/2

[Event "I Festival delle Marche A"]
[Site "Civitanova Marche ITA"]
[Date "2012.08.25"]
[Round "5"]
[White "Viviani, Alessio"]
[Black "Naumkin, Igor"]
[WhiteElo "2107"]
[BlackElo "2477"]
[Result "0-1"]
[PlyCount "40"]
[EventDate "2012.08.21"]

1. d4 Nf6 2. c4 e6 3. Nc3 Bb4 4. Qc2 O-O 5. a3 Bxc3+ 6. Qxc3 b6 7. Bg5 Bb7 8.
f3 h6 9. Bh4 c5 10. dxc5 bxc5 11. e4 d6 12. O-O-O e5 13. f4 Nxe4 14. Qe1 Qb6
15. Bd3 f5 16. a4 Nd7 17. Nf3 Rab8 18. Bc2 Nef6 19. Rd3 Bxf3 20. Rxf3 Qxb2+ 0-1